Восприятие цвета года по версии Pantone; Информационные технологии в науке, управлении, социальной сфере и медицине; Ч. 1
| Parent link: | Информационные технологии в науке, управлении, социальной сфере и медицине: сборник научных трудов III Международной научной конференции, 23-26 мая 2016 г., Томск.— , 2016 Ч. 1.— 2016.— [С. 537-538] |
|---|---|
| Hovedforfatter: | |
| Institution som forfatter: | |
| Andre forfattere: | |
| Summary: | Заглавие с титульного экрана The article describes the perception of «Color of the Year» 2016. The conclusion about, how color of the year 2016 reflects a change in the cultural barometer of style and value. |
| Sprog: | russisk |
| Udgivet: |
2016
|
| Serier: | Компьютерная графика и дизайн |
| Fag: | |
| Online adgang: | http://earchive.tpu.ru/handle/11683/31634 |
| Format: | MixedMaterials Electronisk Book Chapter |
| KOHA link: | https://koha.lib.tpu.ru/cgi-bin/koha/opac-detail.pl?biblionumber=619452 |
MARC
| LEADER | 00000naa2a2200000 4500 | ||
|---|---|---|---|
| 001 | 619452 | ||
| 005 | 20240119092915.0 | ||
| 035 | |a (RuTPU)RU\TPU\conf\17888 | ||
| 035 | |a RU\TPU\conf\17887 | ||
| 090 | |a 619452 | ||
| 100 | |a 20160822d2016 k y0rusy50 ca | ||
| 101 | 0 | |a rus | |
| 102 | |a RU | ||
| 105 | |a y z 101zy | ||
| 135 | |a drcn ---uucaa | ||
| 181 | 0 | |a i | |
| 182 | 0 | |a b | |
| 200 | 1 | |a Восприятие цвета года по версии Pantone |d The perception of color, according to Pantone |f К. М. Зверева, А. В. Шкляр | |
| 203 | |a Текст |c электронный | ||
| 225 | 1 | |a Компьютерная графика и дизайн | |
| 300 | |a Заглавие с титульного экрана | ||
| 320 | |a [Библиогр.: с. 538 (3 назв.)] | ||
| 330 | |a The article describes the perception of «Color of the Year» 2016. The conclusion about, how color of the year 2016 reflects a change in the cultural barometer of style and value. | ||
| 461 | 1 | |0 (RuTPU)RU\TPU\conf\17281 |t Информационные технологии в науке, управлении, социальной сфере и медицине |o сборник научных трудов III Международной научной конференции, 23-26 мая 2016 г., Томск |o в 2 ч. |d 2016 | |
| 463 | 1 | |0 (RuTPU)RU\TPU\conf\17283 |t Ч. 1 |f Национальный исследовательский Томский политехнический университет (ТПУ) ; ред. кол. О. Г. Берестнева ; О. М. Гергет ; Т. А. Гладкова |v [С. 537-538] |d 2016 | |
| 510 | 1 | |a The perception of color, according to Pantone |z eng | |
| 610 | 1 | |a труды учёных ТПУ | |
| 610 | 1 | |a электронные ресурсы | |
| 610 | 1 | |a дизайн | |
| 610 | 1 | |a графика | |
| 610 | 1 | |a цвет | |
| 610 | 1 | |a спектры | |
| 610 | 1 | |a оттенки | |
| 700 | 1 | |a Зверева |b К. М. | |
| 701 | 1 | |a Шкляр |b А. В. |c специалист в области информатики и вычислительной техники |c старший преподаватель Томского политехнического университета |f 1970- |g Алексей Викторович |3 (RuTPU)RU\TPU\pers\29787 |9 14264 | |
| 712 | 0 | 2 | |a Национальный исследовательский Томский политехнический университет (ТПУ) |b Институт кибернетики (ИК) |b Кафедра инженерной графики и промышленного дизайна (ИГПД) |3 (RuTPU)RU\TPU\col\18737 |
| 801 | 2 | |a RU |b 63413507 |c 20160912 |g RCR | |
| 856 | 4 | |u http://earchive.tpu.ru/handle/11683/31634 | |
| 942 | |c BK | ||